[Event "XVII Festival Magistrale"]
[Site "Asti ITA"]
[Date "1996.10.07"]
[Round "3"]
[White "Cantore, Alberto"]
[Black "Chilese, Carlo"]
[Result "0-1"]
[WhiteElo "2045"]
[BlackElo "1962"]
[PlyCount "124"]
[EventDate "1996.10.05"]

1. d4 g6 2. Nf3 Bg7 3. c4 d6 4. g3 c6 5. Bg2 Nf6 6. O-O O-O 7. Nc3 Nbd7 8. Qc2
Qc7 9. Rd1 e5 10. e4 Re8 11. h3 a6 12. dxe5 Nxe5 13. Nxe5 dxe5 14. Be3 Be6 15.
Na4 Nd7 16. c5 f5 17. exf5 Bxf5 18. Qd2 Nf6 19. Nb6 Rad8 20. Qe2 Be6 21. b3 Nd5
22. Bxd5 cxd5 23. Bg5 Qxc5 24. Bxd8 Rxd8 25. Na4 Qe7 26. Kh2 b5 27. Nc3 b4 28.
Na4 Rf8 29. Rac1 e4 30. Nc5 Bf7 31. Qxa6 d4 32. Qb7 Qxb7 33. Nxb7 Bd5 34. Nd6
Rxf2+ 35. Kg1 Rf8 36. Rc8 Be5 37. Rxf8+ Kxf8 38. Nc4 Bf6 39. Ne3 Be6 40. Nc2 d3
41. Nxb4 Bxh3 42. Nxd3 exd3 43. Rxd3 Bf5 44. Rd2 Ke7 45. Kh2 h5 46. a4 Bc3 47.
Rd5 Ke6 48. Rb5 Be5 49. Kg2 Be4+ 50. Kh3 Kf5 51. a5 Bd3 52. Rc5 g5 53. Kg2 Be4+
54. Kh3 Bd3 55. Kg2 Ke4 56. b4 Kd4 57. Kf2 h4 58. gxh4 gxh4 59. Kg2 Bf5 60.
Rxe5 Kxe5 61. a6 Kf4 62. b5 Be4+ 0-1

[Event "XVII Festival Magistrale"]
[Site "Asti ITA"]
[Date "1996.10.07"]
[Round "3"]
[White "Faraoni, Enrico"]
[Black "Efimov, Igor"]
[Result "0-1"]
[WhiteElo "2160"]
[BlackElo "2510"]
[PlyCount "62"]
[EventDate "1996.10.05"]

1. f4 d5 2. Nf3 g6 3. g3 Bg7 4. Bg2 Nh6 5. c3 c5 6. d3 Nc6 7. O-O d4 8. e4 O-O
9. c4 e5 10. Na3 f6 11. Nc2 Nf7 12. Bd2 a5 13. Qe2 Bd7 14. Rf2 Qb6 15. b3 Rae8
16. f5 gxf5 17. Nh4 Nd6 18. exf5 e4 19. Qh5 e3 20. Bd5+ Rf7 21. Re2 exd2 22.
Rxd2 Re5 23. Re2 Rxd5 24. cxd5 Ne5 25. Rf1 Nxd3 26. Ng6 Nxf5 27. Rxf5 hxg6 28.
Qxg6 Bxf5 29. Qxf5 Nb4 30. Na3 d3 31. Rf2 Qd6 0-1

[Event "XVII Festival Magistrale"]
[Site "Asti ITA"]
[Date "1996.10.07"]
[Round "3"]
[White "Frank, Albert"]
[Black "Astengo, Marcello"]
[Result "1-0"]
[WhiteElo "2045"]
[BlackElo "2115"]
[PlyCount "77"]
[EventDate "1996.10.05"]

1. e4 e6 2. d4 d5 3. Nc3 Bb4 4. Bd2 dxe4 5. Qg4 Nf6 6. Qxg7 Rg8 7. Qh6 Nc6 8.
O-O-O Rg6 9. Qh4 Rg4 10. Qh6 Bf8 11. Qh3 Be7 12. f3 exf3 13. Nxf3 a6 14. Bg5
Rxg5 15. Nxg5 Nxd4 16. Nf3 c5 17. Qh4 Nd5 18. Qxh7 Bg5+ 19. Nxg5 Qxg5+ 20. Rd2
Nf6 21. Qh8+ Ke7 22. h4 Qf4 23. Ne2 Qe3 24. Rh3 Qe4 25. Nxd4 cxd4 26. Rf3 Qe1+
27. Rd1 Qe5 28. Rfd3 Qf4+ 29. Kb1 e5 30. Rf3 Bg4 31. Qxa8 Bxf3 32. gxf3 Qxf3
33. Rc1 e4 34. Qxb7+ Nd7 35. Qxa6 e3 36. Qe2 Qe4 37. h5 Ne5 38. Bg2 Qh7 39. Rd1
1-0

[Event "XVII Festival Magistrale"]
[Site "Asti ITA"]
[Date "1996.10.07"]
[Round "3"]
[White "Frassati, Giovanni"]
[Black "Pavasovic, Dusko"]
[Result "0-1"]
[WhiteElo "1869"]
[BlackElo "2495"]
[PlyCount "102"]
[EventDate "1996.10.05"]

1. e4 c5 2. Nf3 Nc6 3. d4 cxd4 4. Nxd4 e5 5. Nf3 Nf6 6. Nbd2 Be7 7. Bc4 O-O 8.
O-O d5 9. Bxd5 Nxd5 10. exd5 Qxd5 11. Nb3 Qxd1 12. Rxd1 Bg4 13. h3 Bf5 14. c3
Rfd8 15. Be3 Bc2 16. Re1 Bg6 17. Rad1 e4 18. Nfd4 Ne5 19. Na5 Rd7 20. f4 exf3
21. Nxf3 Nxf3+ 22. gxf3 Rad8 23. Rxd7 Rxd7 24. Bd4 Bf5 25. Kg2 Be6 26. Nb3 b6
27. Nc1 Rd5 28. Re5 Bg5 29. Nd3 Rxe5 30. Nxe5 Bxa2 31. Nc6 a5 32. Bxb6 a4 33.
Bc5 f6 34. Kg3 Bc1 35. Ba3 g5 36. Nd4 Bc4 37. Kf2 Kf7 38. h4 h5 39. hxg5 fxg5
40. Nc2 Ke6 41. b4 Bf4 42. Nd4+ Kd7 43. Nc2 h4 44. Ne3 Be6 45. Ng4 Kc6 46. Nf6
Kb5 47. Ne4 Bd5 48. Nc5 h3 49. Ne4 h2 50. Kg2 g4 51. c4+ Kxc4 0-1

[Event "XVII Festival Magistrale"]
[Site "Asti ITA"]
[Date "1996.10.07"]
[Round "3"]
[White "Kosten, Anthony C."]
[Black "Minnebo, Alain"]
[Result "1/2-1/2"]
[WhiteElo "2525"]
[BlackElo "2214"]
[PlyCount "141"]
[EventDate "1996.10.05"]

1. g3 c5 2. Bg2 d5 3. Nf3 Nc6 4. d4 e6 5. O-O Nf6 6. c4 dxc4 7. Na3 cxd4 8.
Nxc4 Bc5 9. Bf4 Nd5 10. Nfe5 Nxf4 11. Nxc6 bxc6 12. gxf4 O-O 13. Rc1 Qh4 14.
Ne5 Bb6 15. Qd2 Bb7 16. b4 Rab8 17. Bxc6 f6 18. Nd3 Bxc6 19. Rxc6 e5 20. f3
Rbe8 21. Qe1 Qh3 22. a4 e4 23. fxe4 Rxe4 24. a5 Qd7 25. Rc2 Bc7 26. Nc5 Qg4+
27. Qg3 Bxf4 28. Qxg4 Be3+ 29. Kh1 Rxg4 30. h3 Rg3 31. Kh2 Rg6 32. b5 Rd8 33.
b6 axb6 34. axb6 d3 35. b7 Rb8 36. Nxd3 Rxb7 37. Rb2 Rxb2 38. Nxb2 Bd4 39. Nd3
h5 40. Rf3 Rg5 41. e3 Bb6 42. h4 Rd5 43. Ne1 Rd1 44. Ng2 Bc7+ 45. Nf4 g5 46.
hxg5 fxg5 47. Rg3 Bxf4 48. exf4 g4 49. Ra3 h4 50. Ra5 Rd7 51. Kg2 g3 52. Kh3
Rg7 53. Ra8+ Kf7 54. Ra1 Kf6 55. Ra6+ Kf5 56. Ra5+ Kxf4 57. Ra4+ Ke3 58. Ra3+
Kd2 59. Ra2+ Kc3 60. Rg2 Rh7 61. Ra2 Rh8 62. Ra1 Kc2 63. Ra2+ Kb1 64. Rg2 Kc1
65. Ra2 Kb1 66. Rg2 Rh7 67. Rg1+ Kb2 68. Rg2+ Kb3 69. Rg1 Kc3 70. Ra1 Rg7 71.
Kxh4 1/2-1/2

[Event "XVII Festival Magistrale"]
[Site "Asti ITA"]
[Date "1996.10.07"]
[Round "3"]
[White "Luther, Thomas"]
[Black "Trumpf, Walter"]
[Result "1-0"]
[WhiteElo "2495"]
[BlackElo "2155"]
[PlyCount "83"]
[EventDate "1996.10.05"]

1. e4 c5 2. Nf3 Nc6 3. d4 cxd4 4. Nxd4 e5 5. Nb5 a6 6. Nd6+ Bxd6 7. Qxd6 Qf6 8.
Qc7 Nge7 9. Nc3 O-O 10. Be3 d5 11. Nxd5 Nxd5 12. exd5 Nb4 13. Qc4 a5 14. a3 Na6
15. Bd3 Bf5 16. O-O Rfc8 17. Qb5 e4 18. Be2 Rxc2 19. Qxb7 Nc7 20. Rac1 Rxb2 21.
Qxc7 Rxe2 22. d6 Rb2 23. Rfd1 Rbb8 24. d7 Rd8 25. Bb6 h5 26. Qxd8+ Rxd8 27.
Bxd8 Qg6 28. Bxa5 Bxd7 29. Rxd7 Kh7 30. Bb4 h4 31. h3 Qf5 32. Re7 Qd5 33. Re1
f5 34. Bc3 Qc5 35. Rxg7+ Kh6 36. Ba1 f4 37. Rg4 Qa5 38. Rxe4 Qxa3 39. Bg7+ Kh7
40. Rexf4 Qc1+ 41. Kh2 Qc7 42. Bd4 1-0

[Event "XVII Festival Magistrale"]
[Site "Asti ITA"]
[Date "1996.10.07"]
[Round "3"]
[White "Maccagno, Giancarlo"]
[Black "Chabanon, Jean-Luc"]
[Result "0-1"]
[WhiteElo "2205"]
[BlackElo "2435"]
[PlyCount "90"]
[EventDate "1996.10.05"]

1. e4 d6 2. Nf3 g6 3. g3 Bg7 4. Bg2 Nf6 5. d3 O-O 6. O-O c5 7. Nbd2 Nc6 8. c3
b5 9. Qe2 Nd7 10. Nb3 Nb6 11. Rd1 e5 12. Be3 Bd7 13. Rac1 Qe7 14. d4 exd4 15.
cxd4 c4 16. Nbd2 d5 17. exd5 Nxd5 18. Ne5 Nxe3 19. Nxc6 Bxc6 20. Bxc6 Qc7 21.
Qxe3 Qxc6 22. b3 Rfe8 23. Qf4 c3 24. b4 a5 25. a3 axb4 26. axb4 c2 27. Rf1 Rac8
28. Nb3 Qc3 29. Nc5 Bxd4 30. Rxc2 Qxc2 31. Qxd4 Rcd8 32. Nd7 Qf5 33. Rd1 Rxd7
34. Qxd7 Re1+ 35. Kg2 Qe4+ 36. Kh3 Rxd1 37. Qxd1 Qxb4 38. Qd7 Qc5 39. g4 h6 40.
Kg3 b4 41. h4 Qe5+ 42. Kg2 b3 43. Qd3 b2 44. Qb1 Qd5+ 45. Kg3 Qd6+ 0-1

[Event "XVII Festival Magistrale"]
[Site "Asti ITA"]
[Date "1996.10.07"]
[Round "3"]
[White "Malano, Francesco"]
[Black "Duarte, Riccardo"]
[Result "0-1"]
[WhiteElo "2080"]
[BlackElo "2005"]
[PlyCount "140"]
[EventDate "1996.10.05"]

1. Nf3 d6 2. g3 f5 3. Bg2 Nf6 4. O-O e5 5. d3 Be7 6. c3 O-O 7. Qb3+ Kh8 8. Nbd2
Ng4 9. Nc4 Nd7 10. h3 Nc5 11. Qc2 Nf6 12. b4 Ne6 13. a4 c6 14. a5 Nd5 15. e4
fxe4 16. dxe4 Nf6 17. Be3 Qc7 18. Rfd1 Rd8 19. Rd2 Bd7 20. Rad1 Be8 21. Nh4 g6
22. Nf3 Bf7 23. Ng5 Nxg5 24. Bxg5 Bxc4 25. h4 Kg7 26. Bf3 Rf8 27. Kg2 Rad8 28.
Rh1 d5 29. h5 dxe4 30. Bxf6+ Rxf6 31. Bxe4 Rxd2 32. Qxd2 Qd6 33. Qe3 Bd5 34. f3
Bxe4 35. fxe4 Qe6 36. h6+ Kg8 37. Qxa7 Qa2+ 38. Kh3 Qe6+ 39. Kg2 Qc8 40. a6 Rf8
41. Rd1 Qg4 42. Ra1 Bh4 43. axb7 Qxg3+ 44. Kh1 Qh3+ 45. Kg1 Bg3 46. Qa2+ Kh8
47. Qg2 Qg4 48. Rf1 Rxf1+ 49. Qxf1 Bf4+ 50. Qg2 Qd1+ 51. Qf1 Be3+ 52. Kh2 Qh5+
53. Kg3 Qg5+ 54. Kh3 Qxh6+ 55. Kg3 Qg5+ 56. Kh3 Qd8 57. Qa6 Qd7+ 58. Kg3 Bf4+
59. Kf2 Qd2+ 60. Qe2 Qd8 61. Qa6 Qh4+ 62. Ke2 Qg4+ 63. Kd3 Qd1+ 64. Kc4 Qe2+
65. Kc5 Qxa6 66. b8=Q+ Kg7 67. Qc7+ Kh6 68. Qxc6 Be3+ 69. Kd5 Qxc6+ 70. Kxc6 g5
0-1

[Event "XVII Festival Magistrale"]
[Site "Asti ITA"]
[Date "1996.10.07"]
[Round "3"]
[White "Nurkic, Sahbaz"]
[Black "Flear, Glenn Curtis"]
[Result "1/2-1/2"]
[WhiteElo "2405"]
[BlackElo "2435"]
[PlyCount "116"]
[EventDate "1996.10.05"]

1. e4 e5 2. Nf3 Nc6 3. Bb5 a6 4. Ba4 Nf6 5. O-O Nxe4 6. d4 b5 7. Bb3 d5 8. dxe5
Be6 9. c3 Bc5 10. Nbd2 O-O 11. Bc2 f5 12. Nb3 Bb6 13. Nbd4 Nxd4 14. Nxd4 Bxd4
15. cxd4 f4 16. f3 Ng3 17. Rf2 Qh4 18. Bd2 a5 19. Be1 Ra6 20. Rd2 Bd7 21. hxg3
fxg3 22. Bxg3 Qxg3 23. Qe1 Rxf3 24. Qxg3 Rxg3 25. Rf1 Ra8 26. Rdf2 Be6 27. Bf5
Bxf5 28. Rxf5 Rg6 29. Rf7 c6 30. Rc7 Rf8 31. Rc1 Rf4 32. R1xc6 Rxc6 33. Rxc6
Rxd4 34. Rc5 Rd1+ 35. Kh2 Kf7 36. Rxb5 Ke6 37. Rxa5 Rb1 38. Rb5 d4 39. Rb3 Kxe5
40. Kg3 Ke4 41. Rb7 d3 42. Re7+ Kd4 43. Rd7+ Ke3 44. Re7+ Kd2 45. Rxg7 Rh1 46.
a4 Kc2 47. Rc7+ Kxb2 48. Rb7+ Kc2 49. Rc7+ Kd1 50. a5 Rh6 51. a6 Rxa6 52. Rxh7
d2 53. Kf4 Ra4+ 54. Kf5 Ke2 55. Rh1 Rh4 56. Ra1 Rh5+ 57. Kf6 Rc5 58. g4 d1=Q
1/2-1/2

[Event "XVII Festival Magistrale"]
[Site "Asti ITA"]
[Date "1996.10.07"]
[Round "3"]
[White "Rossi, Giampiero"]
[Black "Mollero, Michele"]
[Result "1/2-1/2"]
[WhiteElo "2105"]
[BlackElo "2030"]
[PlyCount "68"]
[EventDate "1996.10.05"]

1. d4 Nf6 2. c4 g6 3. g3 Bg7 4. Bg2 O-O 5. Nc3 d6 6. Nf3 c6 7. O-O Qc7 8. h3 e5
9. b3 e4 10. Ne1 d5 11. e3 Re8 12. Bb2 b6 13. Qc2 Qd7 14. Kh2 Ba6 15. Ne2 Nh5
16. Rc1 f5 17. Rg1 b5 18. cxb5 cxb5 19. Qc7 b4 20. Bf1 Rc8 21. Qxd7 Nxd7 22.
Nc2 Bf8 23. Nf4 Bxf1 24. Rgxf1 Nxf4 25. exf4 Nf6 26. Ne3 h5 27. Kg2 Bd6 28. h4
Kf7 29. Rfd1 Ke6 30. Kf1 Ng4 31. Ke2 Nxe3 32. fxe3 Kd7 33. Rxc8 Rxc8 34. Rc1
Rxc1 1/2-1/2

[Event "XVII Festival Magistrale"]
[Site "Asti ITA"]
[Date "1996.10.07"]
[Round "3"]
[White "Venturino, Marco"]
[Black "Fuggetta, Leonardo"]
[Result "0-1"]
[WhiteElo "2116"]
[BlackElo "2105"]
[PlyCount "76"]
[EventDate "1996.10.05"]

1. e4 g6 2. d4 Bg7 3. Nf3 d6 4. c3 c6 5. Bd3 Nd7 6. O-O e5 7. Re1 Ngf6 8. Bg5
O-O 9. Nbd2 Re8 10. Nc4 Qc7 11. a4 b6 12. b4 a6 13. Qb3 Bb7 14. dxe5 dxe5 15.
Be3 Ng4 16. a5 Nxe3 17. axb6 Nxb6 18. Nxe3 Red8 19. c4 Nd7 20. c5 a5 21. Ng5
Rf8 22. Nc4 axb4 23. Qxb4 Ba6 24. Nb6 Nxb6 25. Bxa6 Nd7 26. Bc4 Rab8 27. Qa3 h6
28. Nxf7 Rxf7 29. Red1 Nf6 30. Qd3 Kh7 31. Bxf7 Qxf7 32. h3 Bf8 33. Qe3 Rb5 34.
Rdc1 Rb4 35. f3 Nh5 36. Qc3 Rb3 37. Qd2 Nf4 38. Ra2 Rd3 0-1

[Event "XVII Festival Magistrale"]
[Site "Asti ITA"]
[Date "1996.10.07"]
[Round "3"]
[White "Vismara, Daniele"]
[Black "Mrdja, Milan"]
[Result "1-0"]
[WhiteElo "2155"]
[BlackElo "2455"]
[PlyCount "145"]
[EventDate "1996.10.05"]

1. e4 c5 2. c3 d6 3. d4 Qc7 4. dxc5 dxc5 5. Na3 a6 6. Be3 Nf6 7. f3 e6 8. Ne2
b5 9. Bf4 e5 10. Bg5 Nbd7 11. c4 b4 12. Nc2 h6 13. Bd2 Be7 14. Ne3 O-O 15. g3
Rd8 16. Bh3 Nb6 17. Bxc8 Raxc8 18. Qc2 Nh7 19. h4 Nf8 20. Nd5 Qb7 21. g4 Ne6
22. Ng3 Nd4 23. Qd3 f5 24. Nxf5 Nxf5 25. gxf5 Nxd5 26. exd5 Qd7 27. O-O-O Rf8
28. d6 Qxd6 29. Qxd6 Bxd6 30. Bxh6 Bb8 31. Rhg1 Rc7 32. Be3 Rxf5 33. Rd8+ Rf8
34. Rgd1 Ba7 35. Rxf8+ Kxf8 36. Rd5 Rf7 37. Bg5 Kg8 38. Rd3 Kh7 39. Kd2 e4 40.
fxe4 Rf2+ 41. Kc1 Bb8 42. Rd2 Bf4 43. Bxf4 Rxf4 44. Rd5 Rxh4 45. Rxc5 Rxe4 46.
Kc2 Re3 47. Ra5 Re6 48. Kb3 Kh6 49. Kxb4 g5 50. c5 g4 51. Ra3 Re2 52. Rxa6+ Kg5
53. Kc3 g3 54. Ra8 g2 55. Rg8+ Kf4 56. c6 Re3+ 57. Kb4 Rg3 58. Rxg3 Kxg3 59. c7
g1=Q 60. c8=Q Qb6+ 61. Ka3 Qd6+ 62. b4 Qd3+ 63. Kb2 Qd2+ 64. Qc2 Qxb4+ 65. Qb3+
Qxb3+ 66. axb3 Kf4 67. Kc3 Ke5 68. Kc4 Kd6 69. Kb5 Kc7 70. Ka6 Kb8 71. b4 Ka8
72. b5 Kb8 73. Kb6 1-0

[Event "XVII Festival Magistrale"]
[Site "Asti ITA"]
[Date "1996.10.08"]
[Round "4"]
[White "Astengo, Marcello"]
[Black "Mordiglia, Riccardo"]
[Result "0-1"]
[WhiteElo "2115"]
[BlackElo "2100"]
[PlyCount "58"]
[EventDate "1996.10.05"]

1. d4 b6 2. c4 e6 3. Nc3 Bb7 4. Nf3 Bb4 5. Qb3 Bxc3+ 6. Qxc3 f5 7. d5 Nf6 8.
Bg5 exd5 9. Qe5+ Qe7 10. Bxf6 gxf6 11. Qxc7 d6 12. Qxe7+ Kxe7 13. cxd5 Bxd5 14.
Nd4 f4 15. Rd1 Nc6 16. b3 Rac8 17. Nf5+ Ke6 18. Ng7+ Ke5 19. Rd2 Nb4 20. Kd1
Nxa2 21. Rb2 Nc3+ 22. Ke1 Ne4 23. e3 fxe3 24. fxe3 Rc1+ 25. Ke2 Bc6 26. Kf3 Rg8
27. Bc4 Nd2+ 28. Kf2 Nxc4 29. Rxc1 Nxb2 0-1

[Event "XVII Festival Magistrale"]
[Site "Asti ITA"]
[Date "1996.10.08"]
[Round "4"]
[White "Canelli, Daniele"]
[Black "Rossi, Giampiero"]
[Result "1/2-1/2"]
[WhiteElo "2070"]
[BlackElo "2105"]
[PlyCount "89"]
[EventDate "1996.10.05"]

1. d4 d5 2. c4 e6 3. a3 Nf6 4. Nc3 Nbd7 5. Bf4 c6 6. c5 Be7 7. Nf3 O-O 8. h3 b6
9. b4 a5 10. e3 Bb7 11. Bd3 Qc8 12. O-O Ba6 13. Rc1 axb4 14. axb4 bxc5 15. bxc5
Bxd3 16. Qxd3 Ra3 17. Ra1 Qa8 18. Rxa3 Qxa3 19. Qc2 Ra8 20. Rb1 Qa6 21. Qb3 Bf8
22. Ne5 Nxe5 23. Bxe5 Nd7 24. Bd6 Qc8 25. Na4 Bxd6 26. cxd6 Rb8 27. Qc2 Rxb1+
28. Qxb1 Qb8 29. Qd3 Qxd6 30. Qa6 g6 31. Qc8+ Kg7 32. g3 Nf6 33. Nc5 h5 34. Kg2
e5 35. Qb7 exd4 36. exd4 Ng8 37. Qa7 Ne7 38. Nd3 Qe6 39. Ne5 Kh6 40. Qa8 f6 41.
Qh8+ Kg5 42. h4+ Kf5 43. Qh6 fxe5 44. Qg5+ Ke4 45. Qe3+ 1/2-1/2

[Event "XVII Festival Magistrale"]
[Site "Asti ITA"]
[Date "1996.10.08"]
[Round "4"]
[White "Capurro, Giuliano"]
[Black "Kosten, Anthony C."]
[Result "0-1"]
[WhiteElo "2016"]
[BlackElo "2525"]
[PlyCount "190"]
[EventDate "1996.10.05"]

1. e4 c5 2. d3 Nc6 3. g3 g6 4. Bg2 Bg7 5. Ne2 e6 6. O-O Nge7 7. c4 O-O 8. Nbc3
a6 9. Be3 Nd4 10. Qd2 d6 11. Rad1 Nec6 12. f4 Bd7 13. Kh1 b5 14. e5 dxe5 15.
Ne4 exf4 16. Nxf4 Qe7 17. Rde1 f5 18. Nc3 Qd6 19. Nh3 b4 20. Nd1 Rad8 21. Bg5
Rde8 22. b3 Nd8 23. Bf4 e5 24. Bh6 Bxh6 25. Qxh6 Nf7 26. Qd2 Bc6 27. Ne3 Ne6
28. Nd5 Nc7 29. Nxc7 Qxc7 30. Ng5 Nxg5 31. Qxg5 Rd8 32. Re3 Kg7 33. Rfe1 h6 34.
Qh4 Bxg2+ 35. Kxg2 Rd4 36. Qh3 Re8 37. Kg1 Qd6 38. Qf1 h5 39. Qe2 e4 40. Qb2
Kh7 41. Qf2 Rxd3 42. Rxd3 Qxd3 43. Qxc5 Qd2 44. Re3 Rd8 45. Kf1 Rd7 46. Re2 Qc3
47. Re1 h4 48. gxh4 Qh3+ 49. Kg1 Qxh4 50. Qf2 Qg4+ 51. Kh1 Rd1 52. Rxd1 Qxd1+
53. Kg2 Qg4+ 54. Kf1 f4 55. Qa7+ Kh6 56. Qd4 Qf3+ 57. Kg1 Qg4+ 58. Kf1 Qf5 59.
c5 e3 60. c6 Qh3+ 61. Ke1 Qh4+ 62. Kd1 Qg4+ 63. Kc1 Qg1+ 64. Qd1 Qf2 65. c7 e2
66. Qxe2 Qxe2 67. c8=Q Qe1+ 68. Kc2 Qe4+ 69. Kd2 Qd5+ 70. Ke2 Qe5+ 71. Kf1 Qa1+
72. Kg2 Qxa2+ 73. Kf3 Qxb3+ 74. Kxf4 g5+ 75. Ke4 Qb1+ 76. Kf3 Qd3+ 77. Kg2 Qd2+
78. Kf1 Qd6 79. Qh8+ Kg6 80. Qg8+ Kf5 81. Kg2 Qd2+ 82. Kg1 Qd4+ 83. Kg2 Qe4+
84. Kg3 Qd3+ 85. Kg2 Qe2+ 86. Kg3 Qe5+ 87. Kg2 a5 88. Qf7+ Ke4 89. Qf3+ Kd4 90.
Qd1+ Kc4 91. Qf1+ Kb3 92. Qf7+ Ka3 93. Qd7 b3 94. Qd3 a4 95. Kh3 Ka2 0-1

[Event "XVII Festival Magistrale"]
[Site "Asti ITA"]
[Date "1996.10.08"]
[Round "4"]
[White "Chabanon, Jean-Luc"]
[Black "Naumkin, Igor"]
[Result "1/2-1/2"]
[WhiteElo "2435"]
[BlackElo "2430"]
[PlyCount "87"]
[EventDate "1996.10.05"]

1. d4 e6 2. Nf3 Nf6 3. c4 b6 4. e3 Bb7 5. Bd3 d5 6. cxd5 exd5 7. Nc3 Bd6 8. O-O
O-O 9. b3 Nbd7 10. Bb2 a6 11. Qc2 Qe7 12. Rad1 Ne4 13. Ne2 f5 14. Ng3 Rf6 15.
Rc1 c6 16. Qe2 b5 17. a4 Raf8 18. Rc2 Rh6 19. Rfc1 Bb8 20. axb5 axb5 21. Ra1 g5
22. Qe1 Rf7 23. Qa5 g4 24. Bxe4 fxe4 25. Ne5 Nxe5 26. dxe5 Bxe5 27. Bxe5 Qxe5
28. Qc3 Qe7 29. Ra7 Qh4 30. Qe5 Qd8 31. Nf5 Rhf6 32. Nd4 Qf8 33. Qg3 Rg6 34.
Rc1 Qd6 35. Qxd6 Rxd6 36. b4 Rdf6 37. Nb3 Bc8 38. Ra8 Rf8 39. g3 Bd7 40. Rxf8+
Kxf8 41. Ra1 Ke7 42. Ra7 Kd6 43. Nc5 Rf7 44. Kf1 1/2-1/2

[Event "XVII Festival Magistrale"]
[Site "Asti ITA"]
[Date "1996.10.08"]
[Round "4"]
[White "Duarte, Riccardo"]
[Black "Frank, Albert"]
[Result "0-1"]
[WhiteElo "2005"]
[BlackElo "2045"]
[PlyCount "78"]
[EventDate "1996.10.05"]

1. e4 c5 2. Nf3 d6 3. d4 cxd4 4. Nxd4 Nf6 5. Nc3 a6 6. Bg5 e6 7. Bc4 Be7 8. O-O
Qa5 9. Be3 Nc6 10. a3 Bd7 11. b4 Qc7 12. Nxc6 Qxc6 13. Qd3 Rc8 14. Bxa6 bxa6
15. Bd2 d5 16. e5 Ne4 17. Nxe4 dxe4 18. Qg3 g6 19. Rfc1 Qc4 20. c3 O-O 21. Bh6
Rfd8 22. Be3 Ba4 23. Qf4 Rd3 24. Bd4 Bc6 25. h4 e3 26. fxe3 Rd2 27. e4 Qe2 28.
Bf2 Qxe4 29. Qxe4 Bxe4 30. g3 f6 31. c4 Rc2 32. Rxc2 Bxc2 33. c5 Ba4 34. Re1
fxe5 35. Rxe5 Kf7 36. Re4 Rd8 37. Rf4+ Ke8 38. Bd4 Rd5 39. Kf2 e5 0-1

[Event "XVII Festival Magistrale"]
[Site "Asti ITA"]
[Date "1996.10.08"]
[Round "4"]
[White "Efimov, Igor"]
[Black "Nurkic, Sahbaz"]
[Result "1/2-1/2"]
[WhiteElo "2510"]
[BlackElo "2405"]
[PlyCount "77"]
[EventDate "1996.10.05"]

1. d4 g6 2. e4 Bg7 3. Be2 c6 4. Nf3 Nf6 5. e5 Nd5 6. O-O O-O 7. h3 d6 8. Re1
dxe5 9. Nxe5 Be6 10. Bf1 Nd7 11. Nf3 N5b6 12. Bg5 Re8 13. Nbd2 c5 14. Ne4 Qc7
15. a4 Rad8 16. a5 Nc4 17. d5 Nxb2 18. Qd2 Ne5 19. Nxe5 Rxd5 20. Nd3 Nxd3 21.
cxd3 Bxa1 22. Rxa1 c4 23. Bf6 Rf5 24. Bb2 cxd3 25. Bxd3 Rd8 26. Qe3 Rxa5 27.
Rc1 Qb6 28. Qxb6 axb6 29. Bf1 f6 30. g4 Kf7 31. f3 h6 32. Bc3 Ra2 33. Rb1 f5
34. Nf2 Ra3 35. Be1 Re3 36. Bg2 Rd6 37. Bb4 Rd4 38. Be1 Rd6 39. Bb4 1/2-1/2

[Event "XVII Festival Magistrale"]
[Site "Asti ITA"]
[Date "1996.10.08"]
[Round "4"]
[White "Flear, Glenn Curtis"]
[Black "Vismara, Daniele"]
[Result "1-0"]
[WhiteElo "2435"]
[BlackElo "2155"]
[PlyCount "61"]
[EventDate "1996.10.05"]

1. d4 Nf6 2. c4 g6 3. Nc3 Bg7 4. e4 d6 5. h3 O-O 6. Bg5 Nbd7 7. Nf3 e5 8. d5 a5
9. Bd3 h6 10. Be3 Nh5 11. Qd2 Nc5 12. Bc2 Kh7 13. O-O-O f5 14. exf5 Bxf5 15.
Bxf5 Rxf5 16. Nh2 Nf4 17. Bxc5 dxc5 18. g3 Nxh3 19. Ne4 h5 20. Qe2 Bh6+ 21. Kb1
Qf8 22. g4 Rf4 23. f3 h4 24. d6 cxd6 25. Rxd6 Rd8 26. Rhd1 Rxd6 27. Rxd6 Ng1
28. Qe3 Rxe4 29. Rd7+ Kh8 30. Qxe4 Qf4 31. Rd8+ 1-0

[Event "XVII Festival Magistrale"]
[Site "Asti ITA"]
[Date "1996.10.08"]
[Round "4"]
[White "Fuggetta, Leonardo"]
[Black "Frassati, Giovanni"]
[Result "1/2-1/2"]
[WhiteElo "2105"]
[BlackElo "1869"]
[PlyCount "41"]
[EventDate "1996.10.05"]

1. Nf3 d6 2. g3 Nf6 3. Bg2 c6 4. d3 Bg4 5. Nbd2 Nbd7 6. h3 Bxf3 7. Nxf3 e6 8.
O-O Be7 9. e4 O-O 10. Re1 Ne8 11. c3 Nc7 12. d4 Re8 13. Qe2 a5 14. Be3 d5 15.
Ne5 Nf6 16. Bg5 Nxe4 17. Bxe7 Qxe7 18. Bxe4 dxe4 19. Qxe4 Nd5 20. Kg2 a4 21.
Rac1 1/2-1/2

[Event "XVII Festival Magistrale"]
[Site "Asti ITA"]
[Date "1996.10.08"]
[Round "4"]
[White "Maccagno, Giancarlo"]
[Black "Venturino, Marco"]
[Result "0-1"]
[WhiteElo "2205"]
[BlackElo "2116"]
[PlyCount "80"]
[EventDate "1996.10.05"]

1. e4 c5 2. d4 cxd4 3. c3 e5 4. Nf3 Nc6 5. Bc4 Nf6 6. Ng5 d5 7. exd5 Nxd5 8.
Nxf7 Kxf7 9. Qf3+ Ke6 10. O-O Na5 11. Bg5 Qd7 12. Bd3 Qf7 13. Qe2 Kd6 14. cxd4
exd4 15. Re1 Nc6 16. Na3 Be6 17. Rac1 Kd7 18. Nc4 Bd6 19. Nxd6 Kxd6 20. a3 Rae8
21. b4 Bf5 22. Qf3 g6 23. Qg3+ Kd7 24. b5 Na5 25. Re5 Rxe5 26. Qxe5 Re8 27.
Qxd4 Nb3 28. Qxa7 Nxc1 29. Qxb7+ Nc7 30. Bf1 Re1 31. Qc6+ Kc8 32. Bxc1 Qd5 33.
Qxd5 Nxd5 34. Bd2 Rd1 35. f3 Rxd2 36. a4 Ra2 37. Bc4 Ra1+ 38. Kf2 Nb6 39. Bg8
h6 40. Ke3 Rxa4 0-1

[Event "XVII Festival Magistrale"]
[Site "Asti ITA"]
[Date "1996.10.08"]
[Round "4"]
[White "Malano, Francesco"]
[Black "Cantore, Alberto"]
[Result "0-1"]
[WhiteElo "2080"]
[BlackElo "2045"]
[PlyCount "58"]
[EventDate "1996.10.05"]

1. Nf3 Nf6 2. b3 g6 3. Bb2 Bg7 4. g3 b6 5. Bg2 Bb7 6. c4 c5 7. O-O O-O 8. e3
Na6 9. d4 d5 10. Nc3 dxc4 11. bxc4 Ne4 12. Nxe4 Bxe4 13. Qd2 e6 14. Nh4 Bxg2
15. Nxg2 Rc8 16. Rac1 Rc7 17. Rfd1 Rd7 18. Nf4 Nc7 19. Ne2 Qa8 20. Qc2 Rfd8 21.
Rd3 Na6 22. a3 Nb8 23. Rcd1 Qf3 24. Qd2 Nc6 25. Bc3 Ne5 26. Qa2 Nxd3 27. Rxd3
cxd4 28. Nxd4 Bxd4 29. Rxd4 Rxd4 0-1

[Event "XVII Festival Magistrale"]
[Site "Asti ITA"]
[Date "1996.10.08"]
[Round "4"]
[White "Minnebo, Alain"]
[Black "Luther, Thomas"]
[Result "0-1"]
[WhiteElo "2214"]
[BlackElo "2495"]
[PlyCount "139"]
[EventDate "1996.10.05"]

1. c4 e6 2. g3 d5 3. Bg2 dxc4 4. Qa4+ c6 5. Qxc4 b5 6. Qc2 Bb7 7. Nf3 Nd7 8. b3
Ngf6 9. Bb2 Be7 10. O-O Rc8 11. d3 O-O 12. Nbd2 c5 13. Rac1 Qb6 14. Qb1 Rfd8
15. Qa1 Nb8 16. Rc2 Ne8 17. Rfc1 Bf8 18. a3 Nd6 19. e3 Nd7 20. d4 Ne4 21. dxc5
Ndxc5 22. b4 Nxd2 23. Nxd2 Bxg2 24. Kxg2 Qb7+ 25. Kg1 Nd3 26. Rxc8 Rxc8 27.
Rxc8 Qxc8 28. Qb1 Nxb2 29. Qxb2 g6 30. Ne4 Bg7 31. Qd2 h6 32. Nc5 Qc6 33. Qd3
Kh7 34. Qe4 Qxe4 35. Nxe4 Bb2 36. Nd6 a6 37. Nxf7 Bxa3 38. Nd8 Bxb4 39. Nxe6 a5
40. Nd4 a4 41. Nxb5 a3 42. Nd4 a2 43. Nc2 Bc3 44. Kg2 Kg7 45. Kf3 Kf6 46. Ke4
a1=Q 47. Nxa1 Bxa1 48. f4 Bc3 49. Kf3 Kf7 50. Kg4 Bf6 51. h4 Bd8 52. e4 Kg7 53.
f5 Bc7 54. fxg6 Kxg6 55. h5+ Kf6 56. Kf3 Be5 57. Kg4 Bb2 58. Kf4 Bc1+ 59. Kg4
Bg5 60. Kf3 Ke5 61. g4 Kd4 62. e5 Kxe5 63. Ke2 Ke4 64. Kd1 Kf3 65. Ke1 Be3 66.
Kd1 Kf2 67. Kc2 Ke2 68. Kc3 Bg5 69. Kd4 Kf3 70. Kc4 0-1

[Event "XVII Festival Magistrale"]
[Site "Asti ITA"]
[Date "1996.10.08"]
[Round "4"]
[White "Mollero, Michele"]
[Black "Faraoni, Enrico"]
[Result "0-1"]
[WhiteElo "2030"]
[BlackElo "2160"]
[PlyCount "80"]
[EventDate "1996.10.05"]

1. d4 Nf6 2. Nf3 g6 3. Bg5 Bg7 4. Nbd2 d6 5. e4 O-O 6. Bd3 Nbd7 7. O-O e5 8. c3
Qe8 9. Re1 Nh5 10. Nf1 h6 11. Bh4 Nf4 12. Bc4 Nb6 13. Bb3 a5 14. a4 Bd7 15. Ne3
Kh8 16. Nd5 Nbxd5 17. exd5 Bf5 18. dxe5 dxe5 19. Bg3 Nd3 20. Re3 e4 21. Qd2 Qd7
22. Nd4 c6 23. Nxf5 gxf5 24. dxc6 Qxc6 25. Re2 Rad8 26. Bh4 Rd7 27. Rd1 Qg6 28.
Qe3 Be5 29. Kh1 Rg8 30. f3 Bf4 31. Qg1 Qh5 32. Bf6+ Kh7 33. Rf1 Rg3 34. fxe4
Qxe2 35. hxg3 Bxg3 36. Bd1 Qxe4 37. Bf3 Qe6 38. Bd4 Qe7 39. Bg4 fxg4 40. Bf6
Qe6 0-1